Normal view
MARC view
- Furnham, Adrian
Entry Personal Name
001 - CONTROL NUMBER
- control field: 99802
003 - CONTROL NUMBER IDENTIFIER
- control field: NUST
005 - DATE AND TIME OF LATEST TRANSACTION
- control field: 20221011110442.0
008 - FIXED-LENGTH DATA ELEMENTS
- fixed length control field: 221011|| aca||aabn | a|a d
040 ## - CATALOGING SOURCE
- Original cataloging agency: NUST
- Transcribing agency: NUST
100 ## - HEADING--PERSONAL NAME
- Personal name: Furnham, Adrian
670 ## - SOURCE DATA FOUND
- Source citation: Work cat.: (NUST): Furnham, Adrian, Management and myths : , 2004.
